[Event "21st TCh-CRO 1b 2012"]
[Site "Sibenik CRO"]
[Date "2012.09.29"]
[Round "7.2"]
[White "Galic,I2"]
[Black "Biti,O"]
[Result "1-0"]
[WhiteElo "2354"]
[BlackElo "2380"]

1.e4 d6 2.d4 Nf6 3.Nc3 e5 4.Nf3 Nbd7 5.g4 Nxg4 6.Rg1 Ngf6 7.Be3 c6 8.Qd3 b5
9.O-O-O Qc7 10.Kb1 h6 11.a3 g5 12.d5 a6 13.dxc6 Qxc6 14.Nd5 Nxd5 15.exd5 Qc7
16.h4 g4 17.Nh2 h5 18.f3 Be7 19.Be2 g3 20.Nf1 Bxh4 21.Nxg3 Nc5 22.Qc3 Bxg3
23.Rxg3 h4 24.Rg5 f6 25.Rg6 Qf7 26.Bxc5 Qxg6 27.Bxd6 Bd7 28.Bd3 Qg3 29.f4 Rc8
30.Qa5 h3 31.Qxa6 Qg2 32.fxe5 h2 33.e6 h1=Q 34.exd7+ Kf7 35.dxc8=Q Qxd1+
36.Ka2 Rxc8 37.Qb7+  1-0

[Event "Tatry Open 2012"]
[Site "Tatranske Zruby SVK"]
[Date "2012.09.29"]
[Round "8.21"]
[White "Navratil,Ji3"]
[Black "Taborsky,R"]
[Result "0-1"]
[WhiteElo "2057"]
[BlackElo "2254"]

1.e4 d6 2.d4 Nf6 3.Nc3 e5 4.dxe5 dxe5 5.Qxd8+ Kxd8 6.Nf3 Bd6 7.Bc4 Be6 8.Bxe6 fxe6
9.Bg5 Nc6 10.O-O-O Ke7 11.Bh4 h6 12.Ne1 g5 13.Bg3 Bb4 14.f3 Bxc3 15.bxc3 Nh5
16.Nd3 Nf4 17.Bxf4 exf4 18.Nc5 b6 19.Rd7+ Kf6 20.Rxc7 Rhc8 21.Rxc8 Rxc8 22.Nd3 Na5
23.Kb2 Nc4+ 24.Kb3 Nd2+ 25.Kb2 Nc4+ 26.Kb3 a5 27.a4 Nd2+ 28.Kb2 Nc4+ 29.Kb3 h5
30.h4 Nd2+ 31.Kb2 Nc4+ 32.Kb3 e5 33.hxg5+ Kxg5 34.Rd1 Kf6 35.Ne1 Ke6 36.Rd5 Ne3
37.Rb5 Rc6 38.Nd3 Nc4 39.Rd5 Nd2+ 40.Kb2 Nc4+ 41.Kb3 Rc8 42.Rb5 h4 43.Nf2 Rc5
44.Rxc5 Nd2+ 45.Kb2 bxc5 46.Kc1 Nc4 47.Nd3 Kd6 48.Kb1 Ne3 49.Ne1 Nxg2 50.Nxg2 h3  0-1

[Event "30th Balaton GM"]
[Site "Heviz HUN"]
[Date "2012.09.30"]
[Round "8.2"]
[White "Horvath,Ad1"]
[Black "Vertetics,A"]
[Result "1-0"]
[WhiteElo "2495"]
[BlackElo "2409"]

1.e4 d6 2.d4 Nf6 3.Nc3 e5 4.Nf3 Nbd7 5.Bc4 Be7 6.O-O O-O 7.a4 a6 8.Re1 b6
9.h3 c6 10.Ba2 Rb8 11.Be3 b5 12.axb5 axb5 13.b4 Qc7 14.Bb3 Nb6 15.Qd3 Bd7
16.dxe5 dxe5 17.Bc5 Bxc5 18.bxc5 Nc8 19.Na2 Ra8 20.Qc3 Re8 21.Nb4 Rxa1 22.Qxa1 Be6
23.Bxe6 Rxe6 24.Qa8 Re8 25.Qxc6 Qxc6 26.Nxc6 Nd7 27.Rb1 Nxc5 28.Rxb5 Nxe4
29.Nfxe5 f6 30.Nd3 Ne7 31.Rb8 Rxb8 32.Nxb8 Kf7 33.Na6 Nd6 34.Kf1 g5 35.Nac5 Nd5
36.Nb3 h5 37.Nd4 h4 38.Nb2 Nc3 39.Ke1 f5 40.Ne2 Nce4 41.f3 Nc5 42.Kd2 Kf6
43.c4 Ne6 44.Kc3 g4 45.Nd3 gxh3 46.gxh3 Nf7 47.c5 Ke7 48.f4 Nh6 49.Nd4 Nc7
50.Kc4 Ng8 51.Nxf5+ Ke6 52.Nxh4 Ne7 53.Nf3 Kf5 54.Nh4+ Ke4 55.f5 Ned5 56.Nb4 Nf6
57.c6 Kf4 58.Kc5 Kg5 59.Nf3+ Kxf5 60.Kd6 Nb5+ 61.Ke7 Kg6 62.Ke6 Ne4 63.Ke5 Nf2
64.Nd4 Nc7 65.Nd5 Na6 66.Kd6 Ne4+ 67.Ke5 Ng5 68.Nf4+ Kh7 69.h4 Nf7+ 70.Ke6 Nd8+
71.Kd6 Nf7+ 72.Ke7 Ne5 73.Kf6 Ng4+ 74.Kg5 Ne5 75.Nd5 Nxc6 76.Nxc6 Nc5 77.Nf6+ Kg7
78.Nd4 Kh8 79.Ng4 Kh7 80.Kf5 Kh8 81.Ne6 Nd7 82.h5 Nb8 83.Ne5 Kh7 84.Kg5  1-0

[Event "TCh-FIN SM 2012-13"]
[Site "Jyvaskyla FIN"]
[Date "2012.09.30"]
[Round "3.2"]
[White "Luukkonen,T"]
[Black "Kiik,K"]
[Result "0-1"]
[WhiteElo "2323"]
[BlackElo "2419"]

1.d4 d6 2.e4 Nf6 3.Nc3 e5 4.Nf3 Nbd7 5.Bc4 Be7 6.O-O O-O 7.Re1 c6 8.a4 a5
9.b3 exd4 10.Nxd4 Ne5 11.Bf1 Re8 12.Bb2 Bf8 13.Qd2 g6 14.Rad1 Bg4 15.Rb1 Nh5
16.f3 Bd7 17.Rbd1 Qf6 18.Qf2 Nf4 19.Kh1 h5 20.h4 Bh6 21.Qg3 Kh7 22.Bc1 Rg8
23.Qh2 Rad8 24.Be3 Ne6 25.Bxh6 Kxh6 26.Nce2 Kh7 27.Rd2 Nc5 28.Red1 Bc8 29.Qf4 Qe7
30.Qg5 f6 31.Qg3 g5 32.hxg5 fxg5 33.Qh2 h4 34.Ng3 Rg6 35.Ngf5 Qf6 36.Be2 d5
37.Rf1 Nf7 38.Qc7 Ne6 39.Nxe6 Bxe6 40.Bd3 Rd7 41.Qxa5 Bxf5 42.exf5 Rg7 43.Re2 Ne5
44.Qd2 Nxd3 45.Qxd3 Rgf7 46.f4 Qxf5 47.fxg5 Qxd3 48.Rxf7+ Rxf7 49.cxd3 Kg6
50.Re5 Rf4 51.Kh2 Rd4 52.Re7 Rb4 53.Kh3 Kxg5 54.Rg7+ Kf5 55.Rh7 Kg5 56.Rg7+ Kf6
57.Rg4 Rxb3 58.Kxh4 Rxd3 59.Rb4 c5 60.Rxb7 Rd4+ 61.g4 Rxa4 62.Rb5 Rc4 63.Kh5 Rc1
64.g5+ Kf5 65.Kh6 d4 66.g6 d3  0-1

[Event "30th Balaton IM"]
[Site "Heviz HUN"]
[Date "2012.10.01"]
[Round "9.2"]
[White "Miturova,M"]
[Black "Izso,D"]
[Result "1/2-1/2"]
[WhiteElo "2150"]
[BlackElo "2322"]

1.e4 d6 2.d4 Nf6 3.Nc3 Nbd7 4.Nf3 e5 5.g3 Be7 6.Bg2 O-O 7.O-O c6 8.a4 a5
9.Re1 Qc7 10.b3 Re8 11.Bb2 Nf8 12.Qd2 Bg4 13.h3 Bh5 14.Nh4 Ne6 15.Nf5 Bf8
16.Ba3 Bg6 17.Ne2 exd4 18.Nexd4 Nc5 19.Qf4 Nh5 20.Qf3 Re5 21.Re2 Rae8 22.Rae1 Nf6
23.Qf4 d5 24.exd5 Rxe2 25.Qxc7 Rxe1+ 26.Kh2 Na6 27.Qxb7 Bxa3 28.Qxa6 c5 29.Nb5 Bxf5
30.Nxa3 R1e2 31.Kg1 Re1+ 32.Kh2 R1e2  1/2-1/2

[Event "77th ch-ESP 2012"]
[Site "San Agustin ESP"]
[Date "2012.10.01"]
[Round "3.1"]
[White "Korneev,O"]
[Black "Garrido Dominguez,J"]
[Result "1-0"]
[WhiteElo "2596"]
[BlackElo "2396"]

1.e4 d6 2.d4 Nf6 3.Nc3 e5 4.Nf3 Nbd7 5.Bc4 Be7 6.O-O O-O 7.Re1 c6 8.a4 b6
9.Ba2 a6 10.h3 Rb8 11.Be3 b5 12.axb5 axb5 13.b4 Qc7 14.Bb3 Nb6 15.Qd3 h6
16.dxe5 dxe5 17.Bc5 Nh5 18.Bxe7 Qxe7 19.Red1 Re8 20.Qd6 Bb7 21.Qxe7 Rxe7
22.Nh4 Rc7 23.Nf5 Rf8 24.Nd6 Nc8 25.Nxb7 Rxb7 26.Ne2 Nf6 27.f3 Nd7 28.Kf2 Re8
29.Ra5 Kf8 30.Nc1 Ke7 31.Nd3 Ncb6 32.Rda1 f6 33.h4 Rd8 34.h5 Rc7 35.Nb2 Nc8
36.Nd1 Nd6 37.Ne3 Nb6 38.Ra6 Nbc4 39.Ra7 Rdd7 40.Rxc7 Rxc7 41.Bxc4 bxc4 42.Ra5 Rb7
43.Rc5 Kd7 44.c3 Ra7 45.Nf5 Nxf5 46.exf5 Kd6 47.Rxc4 Kd5 48.Rc5+ Kd6 49.Ra5 Rxa5
50.bxa5 Kc5 51.c4  1-0

[Event "TCh-Belgrade Premier 2012"]
[Site "Belgrade SRB"]
[Date "2012.10.04"]
[Round "4.1"]
[White "Cetkovic,Mi"]
[Black "Pantic,I"]
[Result "1/2-1/2"]
[WhiteElo "2249"]
[BlackElo "2221"]

1.e4 d6 2.d4 Nf6 3.Nc3 e5 4.dxe5 dxe5 5.Qxd8+ Kxd8 6.Bg5 c6 7.Nf3 Nd7 8.O-O-O Ke8
9.a3 Bc5 10.Bh4 Ng4 11.Rd2 f6 12.Bc4 Be7 13.h3 Nh6 14.Rhd1 g5 15.Bg3 Rf8
16.h4 g4 17.Nh2 a6 18.f4 gxf3 19.gxf3 b5 20.Ba2 a5 21.Kb1 Nc5 22.Bf2 Nf7
23.Ne2 b4 24.Ng3 Rg8 25.Nh5 Rg6 26.Rg1 bxa3 27.bxa3 Na4 28.Bb3 Nc3+ 29.Kb2 Rxg1
30.Bxg1 Bxa3+ 31.Kxc3 Bb4+ 32.Kb2 Bxd2 33.Bc5 Nh8 34.Nxf6+ Kd8 35.Nxh7 Bb4
36.Bxb4 axb4 37.Ng4 Bxg4 38.fxg4 Ke7 39.h5 Rd8 40.g5 Rd1 41.Nf6 Rg1 42.Ng8+ Kf8
43.Nf6 Ke7 44.Ng8+ Kf8 45.Nf6 Ke7  1/2-1/2

[Event "3rd Copa Latino-Americana"]
[Site "Cali COL"]
[Date "2012.10.05"]
[Round "3.3"]
[White "Kostov,A"]
[Black "Escobar Forero,A"]
[Result "0-1"]
[WhiteElo "2080"]
[BlackElo "2460"]

1.e4 d6 2.d4 Nf6 3.Nc3 Nbd7 4.f4 e5 5.Nf3 exd4 6.Nxd4 Nc5 7.Bd3 g6 8.h3 Bg7
9.Be3 O-O 10.Qf3 Nxd3+ 11.cxd3 c5 12.Nde2 Rb8 13.a4 b6 14.O-O Bb7 15.d4 Qe7
16.Ng3 Nxe4 17.Ngxe4 f5 18.Rad1 Rbe8 19.Nf6+ Rxf6 20.Nd5 Bxd5 21.Qxd5+ Qe6
22.Qxe6+ Rfxe6  0-1

[Event "TCh-ISL 2012-13"]
[Site "Reykjavik ISL"]
[Date "2012.10.05"]
[Round "1.2"]
[White "Kuzubov,Y"]
[Black "Halldorsson,G"]
[Result "1-0"]
[WhiteElo "2615"]
[BlackElo "2197"]

1.e4 d6 2.d4 Nf6 3.Nc3 Nbd7 4.g3 e5 5.Nge2 Be7 6.Bg2 O-O 7.O-O c6 8.a4 b6
9.h3 a6 10.g4 Rb8 11.Ng3 Ne8 12.f4 exd4 13.Qxd4 d5 14.Kh2 dxe4 15.Ncxe4 c5
16.Qd3 Ndf6 17.Qxd8 Bxd8 18.Nc3 Nc7 19.f5 Bb7 20.Bf4 Bxg2 21.Kxg2 Rb7 22.Rad1 h6
23.Nge4 Nxe4 24.Nxe4 Na8 25.Rfe1 Kh7 26.Kf3 Be7 27.Rd5 b5 28.a5 c4 29.Nc5 Ra7
30.Nd7 Re8 31.f6  1-0

[Event "St Petersburg Rapid Cup 2012"]
[Site "St Petersburg RUS"]
[Date "2012.10.05"]
[Round "3.4"]
[White "Shimanov,A"]
[Black "Movsesian,S"]
[Result "1-0"]
[WhiteElo "2599"]
[BlackElo "2699"]

1.d4 d6 2.e4 Nf6 3.Nc3 e5 4.Nf3 Nbd7 5.Bc4 Be7 6.O-O O-O 7.a4 a6 8.Qe2 c6
9.Rd1 exd4 10.Rxd4 Qc7 11.h3 Ne5 12.Ba2 Bd7 13.Bf4 b5 14.Rad1 Rad8 15.axb5 axb5
16.b4 h6 17.Bb3 Bc8 18.Bh2 Nfd7 19.Bg3 Nxf3+ 20.Qxf3 Ne5 21.Qh5 Bf6 22.Bh4 Bxh4
23.Qxh4 Be6 24.f4 Ng6 25.Qf2 Bxb3 26.cxb3 f5 27.g3 fxe4 28.Nxe4 d5 29.Nc5 Rde8
30.Re1 Qc8 31.Kg2 Rxe1 32.Qxe1 Re8 33.Qf2 Qf5 34.Rd2 h5 35.Re2 Rf8 36.Ne6 Rf6
37.Nd4 Qd7 38.Qe3 Qd6 39.Qe8+ Nf8 40.Qe7 Qb8 41.h4 Qc8 42.Re5 Rf7 43.Qe8 Qxe8
44.Rxe8 Rf6 45.Rc8 Kf7 46.Nxc6 Ne6 47.Ne5+ Ke7 48.Rb8 Nc7 49.Kf2 Ra6 50.Rb7 Kd8
51.Rb8+ Ke7 52.Rg8 Ne8 53.Rh8 Ra3 54.Rxh5 Rxb3 55.Rg5 Ke6 56.Rg6+ Nf6 57.Rxg7 Ne4+
58.Kg2 Rb2+ 59.Kf3 Rb3+ 60.Kg2 Rb2+ 61.Kf1 Rb1+ 62.Kg2 Rb2+ 63.Kf1 Rb1+ 64.Ke2 Rb2+
65.Ke3 Rb3+ 66.Nd3 Kf6 67.Rg8 Kf7 68.Rd8 Nxg3 69.Rxd5 Ke6 70.Re5+ Kf6 71.h5 Ra3
72.Rxb5 Nf5+ 73.Kd2 Ra2+ 74.Kc3 Ra3+ 75.Kd2 Ra2+ 76.Kc1 Nd4 77.Rb6+ Kf5 78.Kb1 Rh2
79.Rd6 Ne2 80.Kc2 Nxf4+ 81.Kc3 Nxh5 82.b5 Nf6 83.Rd8 Ne4+ 84.Kd4 Rh4 85.b6 Ng5+
86.Kd5 Ne6 87.Rd6 Rd4+ 88.Kc6 Rc4+ 89.Kb5 Rc2 90.b7  1-0

[Event "TCh-ROU League A 2012"]
[Site "Olanesti ROU"]
[Date "2012.10.06"]
[Round "1.5"]
[White "Barzanu,I"]
[Black "Gilea,L"]
[Result "1/2-1/2"]
[WhiteElo "2216"]
[BlackElo "2245"]

1.e4 d6 2.d4 Nf6 3.Nc3 e5 4.Nf3 Nbd7 5.Bc4 Be7 6.O-O O-O 7.Re1 c6 8.a4 b6
9.b3 h6 10.Qd2 Re8 11.Ba3 Bf8 12.dxe5 Nxe5 13.Be2 Ng6 14.Bf1 Bg4 15.Nd4 Qc7
16.h3 Bd7 17.Rad1 Rad8 18.g3 Qc8 19.Kh2 Qc7 20.Kg1 c5 21.Ndb5 Qb8  1/2-1/2

[Event "TCh-ISL 2012-13"]
[Site "Reykjavik ISL"]
[Date "2012.10.06"]
[Round "3.3"]
[White "Arnason,J"]
[Black "Danielsen,Hen"]
[Result "1/2-1/2"]
[WhiteElo "2502"]
[BlackElo "2524"]

1.e4 d6 2.d4 Nf6 3.Nc3 e5 4.Nf3 Nbd7 5.Bc4 Be7 6.O-O O-O 7.Re1 c6 8.a4 h6
9.h3 Re8 10.Bf1 Qc7 11.g3 Bf8 12.Bg2 g6 13.b3 b6 14.Bb2 a6 15.Qd2 Rb8 16.Rad1 b5
17.axb5 axb5 18.Nh2 b4 19.Na4 c5 20.dxe5  1/2-1/2

[Event "TCh-ISL 2012-13"]
[Site "Reykjavik ISL"]
[Date "2012.10.06"]
[Round "3.1"]
[White "Jensson,E"]
[Black "Halldorsson,G"]
[Result "1/2-1/2"]
[WhiteElo "2312"]
[BlackElo "2197"]

1.e4 d6 2.d4 Nf6 3.Nc3 Nbd7 4.Be3 c6 5.g4 h6 6.a4 Qa5 7.Bg2 e5 8.h3 Be7 9.Ne2 O-O
10.O-O Re8 11.Qd2 Bf8 12.Rad1 Qc7 13.f4 exd4 14.Bxd4 Nh7 15.h4 Ndf6 16.g5 Ng4
17.Ng3 d5 18.gxh6 gxh6 19.exd5 Qd8 20.Rfe1 Rxe1+ 21.Qxe1 Qxh4 22.Nf1 Qxe1
23.Rxe1 Bd7 24.Ne3 h5 25.Nc4 c5 26.Be5 Re8 27.Rd1 f6 28.Bc7 b6 29.d6 Bh6
30.Nd5 Nf8 31.Bf3 Kf7 32.b3 Ne6 33.Rf1 Nd4 34.Ne7 Nxc2 35.Bd5+ Kf8 36.Bc6 Rxe7
37.dxe7+ Kxe7 38.Bd6+ Kd8 39.Bxd7 Kxd7 40.Bb8 Kc6 41.Rf3 a6 42.Ba7 Nd4 43.Rd3 Bxf4
44.Bxb6 Ne5 45.Nxe5+ fxe5 46.Ba5 e4 47.Rh3 h4 48.Be1 Bg5 49.Kf1 Nf3 50.Kf2 Kd5
51.Bc3 Nd4 52.Be1 e3+ 53.Kf1 Ke4 54.Bxh4 Bxh4 55.Rxh4+ Kd3 56.Rh5 e2+ 57.Kf2 Nxb3
58.Rd5+ Kc4 59.Rd6 a5 60.Kxe2 Kb4 61.Rb6+ Kxa4 62.Kd3 Ka3 63.Kc4  1/2-1/2

[Event "12th Winterthurer Schachwoche"]
[Site "Winterthur SUI"]
[Date "2012.10.06"]
[Round "1"]
[White "Novkovic,J"]
[Black "Pikula,D"]
[Result "0-1"]
[WhiteElo "2082"]
[BlackElo "2489"]

1.e4 d6 2.d4 Nf6 3.Nc3 Nbd7 4.f4 e5 5.Nf3 Be7 6.Bc4 exd4 7.Qxd4 O-O 8.Bd2 c6
9.a4 d5 10.exd5 Bc5 11.Qd3 Re8+ 12.Ne2 cxd5 13.Bxd5 Qe7 14.O-O-O Nxd5 15.Qxd5 Nf6
16.Qc4 Be6 17.Qd3 Rad8 18.Ned4 Qd7 19.Nb5 Qc6 20.Qf1 Ne4 21.Bc3 Rxd1+ 22.Qxd1 Nf2
23.Nfd4 Nxd1 24.Nxc6 Nxc3 25.Nc7 Be3+  0-1

[Event "TCh-Belgrade Premier 2012"]
[Site "Belgrade SRB"]
[Date "2012.10.07"]
[Round "6.4"]
[White "Milutinovic,De"]
[Black "Kiproski,B"]
[Result "1/2-1/2"]
[WhiteElo "2107"]
[BlackElo "2042"]

1.e4 d6 2.d4 Nf6 3.Nc3 e5 4.dxe5 dxe5 5.Qxd8+ Kxd8 6.Bg5 Nd7 7.O-O-O Bd6
8.Nf3 Ke8 9.Bb5 a6 10.Ba4 h6  1/2-1/2

[Event "TCh-HUN 2012-13"]
[Site "Budapest HUN"]
[Date "2012.10.07"]
[Round "2"]
[White "Konnyu,J"]
[Black "Ruck,R1"]
[Result "0-1"]
[WhiteElo "2328"]
[BlackElo "2567"]

1.e4 d6 2.d4 Nf6 3.Nc3 e5 4.Nf3 Nbd7 5.Bc4 Be7 6.O-O O-O 7.Qe2 c6 8.a4 exd4
9.Nxd4 Re8 10.Be3 Bf8 11.Rad1 Nxe4 12.Nxe4 Rxe4 13.Nf3 d5 14.Bd3 Re8 15.c4 Nf6
16.cxd5 cxd5 17.Qd2 Bg4 18.Bb5 Re6 19.Bd4 Bxf3 20.gxf3 Nh5 21.Kh1 Bd6 22.Rg1 Bxh2
23.Rg4 f5 24.Rg2 Bf4 25.Rxg7+ Kf8  0-1

[Event "119th ch-SCO 2012"]
[Site "Glasgow SCO"]
[Date "2012.10.07"]
[Round "4"]
[White "Buchanan,W"]
[Black "Parks,J"]
[Result "1-0"]
[WhiteElo "2127"]
[BlackElo "1910"]

1.e4 d6 2.d4 Nf6 3.Nc3 e5 4.dxe5 dxe5 5.Qxd8+ Kxd8 6.Bc4 Be6 7.Bxe6 fxe6
8.f3 Bd6 9.Nd1 Nbd7 10.Ne2 Ke7 11.Ne3 a6 12.b3 b5 13.Bb2 Bc5 14.Nd1 Rhf8
15.Rf1 Rf7 16.Nf2 Bxf2+ 17.Rxf2 Raf8 18.Ng3 Ne8 19.O-O-O g6 20.Rfd2 Nef6
21.Bc3 Rc8 22.Nh1 c5 23.Nf2 c4 24.Bb4+ Ke8 25.Rd6 Nc5 26.Bxc5 Rxc5 27.Rxe6+ Kf8
28.b4 Rcc7 29.Rxe5 Rc6 30.Nh3 c3 31.Ng5 Ra7 32.Re6 Rxe6 33.Nxe6+ Ke7 34.Nd4 Rc7
35.Rd3 Rc4 36.a3 Nd7 37.Ne2 a5 38.Nxc3 axb4 39.axb4 Ne5 40.Nd5+ Kf7 41.Ra3 Nc6
42.Kd2  1-0

[Event "TCh-AUT 2 West 2012-13"]
[Site "Hohenems AUT"]
[Date "2012.10.07"]
[Round "3.5"]
[White "Heiduczek,J"]
[Black "Poettinger,H"]
[Result "0-1"]
[WhiteElo "2207"]
[BlackElo "2238"]

1.e4 d6 2.d4 Nf6 3.Nc3 e5 4.Nf3 Nbd7 5.g3 c6 6.a4 Be7 7.Bg2 O-O 8.O-O Re8
9.b3 Qc7 10.Bb2 b6 11.Re1 a6 12.Qd2 Bb7 13.Rad1 Rad8 14.h3 Nf8 15.Nb1 c5
16.d5 Ng6 17.c4 Bc8 18.Nc3 Rf8 19.Kh2 Ne8 20.Ng1 h5 21.Nge2 h4 22.g4 Rd7
23.f4 exf4 24.Nxf4 Nxf4 25.Qxf4 Bf6 26.Qd2 Be5+ 27.Kh1 Re7 28.Ne2 Nf6 29.Bxe5 Rxe5
30.Nc3 Qd8 31.Rf1 Bd7 32.Qf2 Nh7 33.Rg1 Qg5 34.Bf1 Nf6 35.Bd3 Rb8 36.Rde1 Re7
37.Rgf1 Bc8 38.Nd1 Nd7 39.Ne3 Ne5 40.Be2 Bd7 41.Ng2 Ng6 42.e5 Nxe5 43.Nxh4 Rbe8
44.Qg3 g6 45.Nf3 Nxf3 46.Bxf3 Re5 47.Rxe5 Qxe5 48.Qh4 Kg7 49.Bd1 Rh8 50.Qf2 Rxh3+
51.Kg1 Qg3+ 52.Qxg3 Rxg3+ 53.Kf2 Rh3 54.Re1 Kf8 55.Re3 Rxe3 56.Kxe3 g5 57.Ke4 Kg7
58.Be2 Kg6 59.Kf3 Kf6 60.Ke4 Kg6 61.Kf3 f5 62.Bd3 Kf6 63.gxf5 Bxf5 64.Bxf5 Kxf5
65.Kg3 g4 66.Kg2 Kf4 67.Kf2 g3+ 68.Kg2 Kg4  0-1

[Event "77th ch-ESP 2012"]
[Site "San Agustin ESP"]
[Date "2012.10.07"]
[Round "9.12"]
[White "Ramos Aguilar,J"]
[Black "Camacho Collados,M"]
[Result "0-1"]
[WhiteElo "2183"]
[BlackElo "2436"]

1.d4 d6 2.e4 Nf6 3.Nc3 e5 4.Nf3 Nbd7 5.Bc4 Be7 6.O-O O-O 7.h3 c6 8.a4 b6
9.Re1 a6 10.Bg5 Qc7 11.dxe5 dxe5 12.Nh4 Nc5 13.Nf5 Bxf5 14.exf5 b5 15.axb5 axb5
16.Rxa8 Rxa8 17.Bf1 Ne8 18.Be3 Na4 19.Nxa4 Rxa4 20.b3 Ra2 21.Bd3 Bb4 22.Rf1 Nf6
23.Qf3 h6 24.Be4 c5 25.Bc6 Qb6 26.c4 bxc4 27.bxc4 Bc3 28.Bb5 Bd4 29.Re1 Qa5
30.Rb1 Ra3 31.Qe2 Bxe3 32.fxe3 Qc3 33.Bc6 e4 34.Kf2 Qe5 35.Qb2 Qxf5+ 36.Kg1 Rxe3
37.Qb8+ Kh7 38.Rf1 Qg5 39.Qb7 Re2 40.Rf2 Qe3  0-1

[Event "TCh-Belgrade Premier 2012"]
[Site "Belgrade SRB"]
[Date "2012.10.09"]
[Round "8.5"]
[White "Sarenac,I"]
[Black "Kiproski,B"]
[Result "1-0"]
[WhiteElo "2377"]
[BlackElo "2042"]

1.e4 d6 2.d4 Nf6 3.Nc3 e5 4.Nf3 Nbd7 5.g4 Nxg4 6.Rg1 Ngf6 7.Be3 h6 8.Qd2 c6
9.O-O-O Qa5 10.Kb1 b5 11.dxe5 dxe5 12.Qd3 b4 13.Ne2 Ba6 14.Qb3 c5 15.Ng3 Rc8
16.Nd2 Nb6 17.Nc4 Nxc4 18.Bxc4 Bxc4 19.Qxc4 g6 20.f4 Ng4 21.Bc1 Bg7 22.Ne2 Nxh2
23.Rxg6 Kf8 24.Rd7  1-0

[Event "TCh-ROU League A 2012"]
[Site "Olanesti ROU"]
[Date "2012.10.10"]
[Round "5.4"]
[White "Dicu,R"]
[Black "Micu,I"]
[Result "1/2-1/2"]
[WhiteElo "2232"]
[BlackElo "2209"]

1.e4 d6 2.d4 Nf6 3.Nc3 e5 4.Nf3 Nbd7 5.Bc4 Be7 6.O-O O-O 7.Re1 c6 8.a4 b6
9.d5 cxd5 10.Nxd5 Bb7 11.b3 Rc8 12.Re2 Nxd5 13.Bxd5 Bxd5 14.Qxd5 Nf6 15.Qd1 d5
16.exd5 e4 17.Ng5 Nxd5 18.Rd2 Bxg5 19.Rxd5 Qxd5 20.Qxd5 Rfd8 21.Qb5 Rd1+
22.Qf1 Rxf1+ 23.Kxf1 Bf6 24.Ra2 Bc3 25.Bb2 f5 26.Ke2 Kf7 27.Bxc3 Rxc3 28.Kd2 Rc7
29.a5 b5 30.a6 Ke6 31.Ra5 Rd7+ 32.Ke3 Rd5 33.g4 g6 34.gxf5+ gxf5 35.f3 exf3
36.Kxf3 Ke5 37.Ke3 Kd6 38.h4 Kc6 39.c4 bxc4 40.Rxd5 Kxd5 41.bxc4+ Kxc4 42.Kf4 Kb5
43.Kxf5 Kxa6 44.Kg5 Kb5 45.Kh6 a5 46.Kxh7  1/2-1/2

[Event "TCh-ROU League A 2012"]
[Site "Olanesti ROU"]
[Date "2012.10.10"]
[Round "5.6"]
[White "Pisu,R"]
[Black "Bacila,Mihai"]
[Result "1-0"]
[WhiteElo "2043"]
[BlackElo "1621"]

1.d4 d6 2.e4 Nf6 3.Nc3 Nbd7 4.f4 e5 5.Nf3 exd4 6.Qxd4 c6 7.e5 dxe5 8.fxe5 Bc5
9.Qc4 Qe7 10.Bf4 Ng4 11.Ne4 b5 12.Qe2 O-O 13.h3 Ngxe5 14.Nxe5 Nxe5 15.Nxc5 Qxc5
16.Qxe5 Qxc2 17.Rc1 Qa4 18.Bd3 Bd7 19.O-O Rfe8 20.Qc3 Qxa2 21.Bb1 Qa6 22.Qd3 Qb6+
23.Kh1  1-0

[Event "TCh-ROU League A 2012"]
[Site "Olanesti ROU"]
[Date "2012.10.10"]
[Round "5.4"]
[White "Petrescu,C"]
[Black "Lupu,O"]
[Result "1-0"]
[WhiteElo "2039"]
[BlackElo "2284"]

1.e4 d6 2.d4 Nf6 3.Nc3 e5 4.Nf3 exd4 5.Nxd4 Be7 6.f3 O-O 7.Be3 Re8 8.Qd2 Nc6
9.O-O-O a6 10.Nxc6 bxc6 11.Bc4 Be6 12.Bxe6 fxe6 13.Qe2 d5 14.Na4 Qb8 15.Bc5 Qb5
16.Qxb5 axb5 17.Bxe7 Rxe7 18.Nc5 Rxa2 19.Kb1 Ra8 20.Rhe1 Kf7 21.Re3 e5 22.c3 g5
23.Rde1 Rae8 24.Kc2 dxe4 25.fxe4 Kg6 26.Rf1 Rd8 27.Ref3 Rd6 28.Nb7 Nxe4 29.Nxd6 cxd6
30.Rf8 d5 31.Rg8+ Kh5 32.Rff8 Nd6 33.Rf3 g4 34.Rf6 Rd7 35.h3 g3 36.Rxg3 e4
37.Rg8 e3 38.Kd1 e2+ 39.Kxe2 Ne4 40.Rf4 Re7 41.Kd1 Re6 42.g3 Rg6 43.Rf5+ Kh6
44.Rxg6+ hxg6 45.Rf3 Kg5 46.Ke2 c5 47.Rd3 Nf6 48.Rd1 Kf5 49.Kf3 g5 50.Re1 g4+  1-0

[Event "28th European Club Cup"]
[Site "Eilat ISR"]
[Date "2012.10.11"]
[Round "1.11"]
[White "Bar,R"]
[Black "Naylor,J"]
[Result "1-0"]
[WhiteElo "2468"]
[BlackElo "2144"]

1.e4 d6 2.d4 Nf6 3.Nc3 Nbd7 4.g3 e5 5.Nge2 c6 6.Bg2 Be7 7.a4 a5 8.O-O h6
9.h3 g5 10.Be3 Qc7 11.Qd2 Nf8 12.Rad1 Rg8 13.Kh1 Ng6 14.b3 Bd7 15.Qe1 Qc8
16.Ng1 Nh5 17.f3 g4 18.fxg4 Bxg4 19.hxg4 Qxg4 20.Nce2 Nh4 21.Qf2 Nxg2 22.Qxg2 Nxg3+
23.Nxg3 Qh4+ 24.Qh2 Qxg3 25.Qxg3 Rxg3 26.Bf2 Rg4 27.Rde1 O-O-O 28.Nf3 Rf4
29.Bg3 Rg4 30.Bf2 Rf4 31.Bg3 Rg4 32.Bh2 f6 33.Rg1 Rdg8 34.Nh4 Kd7 35.Nf5 Bf8
36.dxe5 fxe5 37.Ne3 R4g5 38.Nc4 Ke6 39.Rxg5  1-0

[Event "17th European Club Cup w"]
[Site "Eilat ISR"]
[Date "2012.10.11"]
[Round "1.4"]
[White "Bronnikova,E"]
[Black "Borsuk,A"]
[Result "1/2-1/2"]
[WhiteElo "2244"]
[BlackElo "2260"]

1.e4 d6 2.d4 Nf6 3.Nc3 e5 4.Nf3 Nbd7 5.Bc4 Be7 6.O-O O-O 7.a4 c6 8.Re1 b6
9.b3 a6 10.Bb2 Bb7 11.Bd3 Re8 12.Ne2 exd4 13.Nexd4 Bf8 14.Nf5 Nc5 15.Ng3 Nxd3
16.Qxd3 b5 17.c4 bxa4 18.Rxa4 Nd7 19.Raa1 Ne5 20.Qc3 Nxf3+ 21.Qxf3 Re6 22.Nf5 a5
23.h4 Qe8 24.Nd4 Rf6 25.Nf5 Re6 26.Nd4 Rf6 27.Qc3 Rg6 28.Rxa5 Rxa5 29.Qxa5 Rg4
30.f3 Rxh4 31.Nf5 Rh5 32.Ne7+ Qxe7 33.Qxh5 d5 34.Qe5 Qb4 35.exd5 cxd5 36.cxd5 Bc5+
37.Kf1 Ba6+ 38.Re2 Bxe2+ 39.Kxe2 Qb5+ 40.Kd2 Bb4+ 41.Bc3 Bxc3+ 42.Kxc3 Qc5+
43.Kd3 Qb5+ 44.Ke4 Qb4+ 45.Qd4 Qxb3 46.d6 Qe6+ 47.Qe5 Qc4+ 48.Ke3 Qb3+ 49.Kf4 Qa4+
50.Kg3 h5 51.Qe7 h4+ 52.Qxh4 Qc2 53.Qe4 Qc5 54.Qe7 f6 55.Qe6+ Kf8 56.d7 Qg5+
57.Qg4 Qd5 58.Qb4+ Kf7 59.Qa4 Qg5+ 60.Kf2 Qd2+ 61.Kg3 Qg5+ 62.Kh3 Qh5+ 63.Kg3 Qg5+
64.Qg4 Qd5 65.Kh4 g6 66.Qa4 Qh5+ 67.Kg3 Qg5+ 68.Kh3 Qf5+ 69.Qg4 Qd5 70.Kh2 Qd6+
71.Kh3 Qd5 72.Kh2 Qd6+ 73.f4 Kg7 74.Kg1 f5 75.Qe2 Qxd7 76.Qe5+ Kh7  1/2-1/2

[Event "28th European Club Cup"]
[Site "Eilat ISR"]
[Date "2012.10.11"]
[Round "1.13"]
[White "Preissmann,E"]
[Black "Alekseev,An"]
[Result "0-1"]
[WhiteElo "2222"]
[BlackElo "2340"]

1.e4 d6 2.d4 Nf6 3.Nc3 e5 4.Nf3 exd4 5.Nxd4 Be7 6.g3 O-O 7.Bg2 Re8 8.O-O c6
9.a4 a5 10.b3 Na6 11.Bb2 Bg4 12.Qd2 Qd7 13.f3 Bh3 14.Bxh3 Qxh3 15.Nf5 d5
16.Qg5 Bf8 17.exd5 h6 18.Qf4 g5 19.Nxh6+ Qxh6 20.Qd2 cxd5 21.Rae1 Nb4 22.Nb5 Rac8
23.Nd4 Qg6 24.Rxe8 Nxe8 25.c3 Nc6 26.Nc2 Rd8 27.Kg2 Bg7 28.Rd1 Nc7 29.Bc1 Ne6
30.Ne1 d4 31.c4 Nb4 32.Qe2 d3 33.Qd2 Bf6 34.Ba3 Nc2 35.Bc1 Nc5 36.Qxa5 Nxb3
37.Qb6 Nxc1 38.Nxc2 dxc2 39.Rxd8+ Bxd8 40.Qxd8+ Kh7  0-1

[Event "US Chess League 2012"]
[Site "ICC INT"]
[Date "2012.10.11"]
[Round "6"]
[White "Molner,M"]
[Black "Margvelashvili,G"]
[Result "1/2-1/2"]
[WhiteElo "2489"]
[BlackElo "2570"]

1.e4 d6 2.d4 Nf6 3.Nc3 e5 4.Nf3 Nbd7 5.g3 Be7 6.Bg2 O-O 7.O-O b6 8.dxe5 dxe5
9.Nh4 g6 10.Bh6 Re8 11.Qe2 a5 12.Rfd1 c6 13.Nf5 gxf5 14.exf5 Qc7 15.Nb5 cxb5
16.Bxa8 Nc5 17.g4 Kh8 18.Bg2 Nxg4 19.Qxg4 Rg8 20.Qh3 Qc6 21.f3 Qf6 22.Rd2 Bxf5
23.Qh5 Bg6 24.Qh3 Bf5 25.Qh5 Bg6 26.Qh3 Bf5  1/2-1/2

[Event "28th European Club Cup"]
[Site "Eilat ISR"]
[Date "2012.10.12"]
[Round "2.17"]
[White "Kurochkin,Vi"]
[Black "Harestad,H"]
[Result "1-0"]
[WhiteElo "2423"]
[BlackElo "2265"]

1.e4 d6 2.d4 Nf6 3.Nc3 e5 4.Nge2 Be7 5.f3 c6 6.Be3 Nh5 7.Qd2 h6 8.O-O-O Nd7
9.g4 Nhf6 10.Kb1 Nb6 11.Ng3 Qc7 12.Nf5 Bxf5 13.gxf5 O-O-O 14.Rg1 Rhg8 15.Qf2 Nfd7
16.d5 c5 17.Be2 Kb8 18.Rg2 Nf6 19.Qg1 Bf8 20.Bxh6 gxh6 21.Rxg8 Nxg8 22.Qxg8 Qe7
23.Qg4 Qg5 24.h4 Qxg4 25.fxg4 Be7 26.Rh1 Rg8 27.Nd1 Nd7 28.Nf2 Nf6 29.a4 c4
30.Rh2 Bd8 31.g5 hxg5 32.hxg5 Rxg5 33.Bxc4 Bb6 34.Bd3 Rg1+ 35.Ka2 Bxf2 36.Rxf2 Re1
37.Rg2 Nxe4 38.Rg7 Nc5 39.Rxf7 e4 40.Re7 Nxd3 41.cxd3 e3 42.f6 e2 43.Kb3 Rf1
44.Rxe2 Rxf6 45.Re6 Rf3 46.Rxd6 Rxd3+ 47.Kc4 Rd1 48.Rd7 Kc8 49.Rh7 Rg1 50.Kc5 Rg6
51.b4 Rf6 52.Re7 Rh6 53.a5 Rg6 54.Re6 Rg7 55.Re8+ Kc7 56.Ra8 b6+ 57.axb6+ axb6+
58.Kb5 Rg5 59.Ra7+ Kd6 60.Kxb6 Rxd5 61.b5 Rh5 62.Rg7 Rf5 63.Ka6 Rf1 64.Kb7 Rb1
65.b6 Rb2 66.Rg6+ Kd7 67.Kb8 Rb1 68.Rg7+ Kc6 69.Rc7+ Kd6 70.b7 Rh1 71.Rg7 Kc6
72.Rg6+ Kb5 73.Rd6 Rc1 74.Rd2 Kc6 75.Ra2 Kb6 76.Ka8  1-0

[Event "28th European Club Cup"]
[Site "Eilat ISR"]
[Date "2012.10.12"]
[Round "2.11"]
[White "Moen,A"]
[Black "Pelletier,Y"]
[Result "1/2-1/2"]
[WhiteElo "2377"]
[BlackElo "2601"]

1.e4 d6 2.d4 Nf6 3.Nc3 e5 4.dxe5 dxe5 5.Qxd8+ Kxd8 6.Bg5 c6 7.Nf3 Bd6 8.O-O-O Ke7
9.Bc4 Bc7 10.Nh4 h6 11.Nf5+ Bxf5 12.Bxf6+ gxf6 13.exf5 Rf8 14.Rd3 Nd7 15.Rhd1 Nb6
16.Na4 Rad8 17.Nxb6 Bxb6 18.Rxd8 Rxd8 19.Rxd8 Bxd8 20.Kd2 Bb6 21.f3 Bg1 22.h3 Bf2
23.g4 Bg3 24.a4 Bf2 25.Kd3 Be1 26.c3 Bf2 27.b4 Be1 28.b5 cxb5 29.Bxb5 a5
30.Bc4 b6 31.Bd5 Bf2 32.Kc4 Be1 33.Kb3 Bf2 34.Kc4 Be1 35.Kb5 Bxc3 36.Kxb6 Be1
37.h4 Bb4 38.Kb5 Be1 39.Kb6 Bb4 40.Kb5 Be1 41.h5  1/2-1/2